000 00944cam a2200313 4500
001 12257
003 BD-RjUL
005 20211208235249.0
008 140128s1971 enkaf b 001 0 eng d
020 _a071312234X
_a0713122358 (pbk)
035 _a(BD-RjUL)12306
040 _aDLC
_cDLC
_d(BD-RjUL)
_beng
041 _aeng
082 0 0 _a587.2326
_216
_bDEF 1966
100 1 _aDeverall, Brian J.
_938047
245 1 0 _aFungal parasitism /
_cby Brian J. Deverall.
260 _aLondon :
_bEdward Arnold ,
_c1971.
300 _a [6] 57 p. :
_b illus. ;
_c23 cm.
350 _a£0.60 (pbk)
490 1 _aInstitute of Biology's studies in biology, no. 17
500 _aIncludes index.
504 _aBibliography: p. 57.
650 0 _aPhytopathogenic fungi.
_938048
830 0 _vno. 17.
_996169
830 0 _aInstitute of Biology's studies in biology ;
_996170
942 _2ddc
_cBK
999 _c12257
_d12257